| 000 | 00516nam a2200181Ia 4500 | ||
|---|---|---|---|
| 008 | 151018s9999 xx 000 0 und d | ||
| 082 |
_bRBASDV19928 _a891.463 |
||
| 100 | _aभाऊ पाध्ये | ||
| 245 | _aवैतागवाडी | ||
| 250 | _b2 | ||
| 260 |
_bडिंपल _c1987 |
||
| 300 | _a165 | ||
| 600 | _aभाऊ पाध्ये | ||
| 630 | _aवैतागवाडी | ||
| 700 | _aभाऊ पाध्ये | ||
| 730 | _aवैतागवाडी | ||
| 942 | _cBOOK | ||
| 999 |
_c1020556 _d1020553 |
||